Health at a glance

Gespeichert in:
Bibliographische Detailangaben
Format: Buch
Sprache:Englisch
Veröffentlicht: Paris OECD 2001
Schriftenreihe:Health
Schlagworte:
Tags: Tag hinzufügen
Keine Tags, Fügen Sie das erste Tag hinzu!

MARC

LEADER 00000nam a2200000 4500
001 c129021
005 20221124105157.8
020 |a 92-64-18713-8 
041 0 |a eng 
044 |a FR 
245 1 0 |a Health at a glance 
264 1 |a Paris  |b OECD  |c 2001 
300 |a 100 s. 
490 1 |a Health 
830 0 |a Health 
610 2 0 |a zdravotníctvo 
610 2 0 |a zdravie 
610 2 0 |a ochrana zdravia 
610 2 0 |a úmrtnosť 
610 2 0 |a lekári 
610 2 0 |a nemocnice 
610 2 0 |a tabak 
610 2 0 |a spotreba 
610 2 0 |a alkoholizmus 
610 2 0 |a populácia 
610 2 0 |a demografia 
610 2 0 |a vek 
610 2 0 |a produkt domáci hrubý 
610 2 0 |a údaje štatistické medzinárodné 
610 2 0 |a svet 
610 2 0 |a OECD